000 00255nam a22000977a 4500
008 240220b |||||||| |||| 00| 0 eng d
082 _a920.72
_bF74m
100 1 0 _aFrigeri, Flavia
_eautor
_943468
245 _aMujeres artistas /
_cFlavia Frigeri
942 _2ddc
999 _c30666
_d17050